000 01311nam a2200277 i 4500
001 185406
003 ES-MaACL
005 20250927135246.0
008 160531s1948 sp cf |||| |bspa d
080 _a929 Sánchez Guerra, José
100 1 _aArmiñán, Luis de,
_d1899-1987
_9155862
245 1 0 _aSánchez Guerra
_b: [boceto biográfico] /
_cpor Luis de Armiñán.
260 _aMadrid :
_bPurcalla,
_c1948.
300 _a177 p., [6] h. de lám., [1] h. pleg. de lám. :
_b1 retr. ;
_c21 cm.
490 1 _aMedio siglo de historia.
_aLos presidentes del Consejo de la Monarquía, 1874-1931 ;
_v20
490 1 _aLos presidentes del Consejo de la Monarquía Española, 1874-1931
594 _aSubtít. tomado de p. tras port.
599 _aRetr. y autógr. de Sánchez Guerra.
599 _aEn h. pleg. de lám.: Galeradas suscritas por J. Sánchez Guerra.
600 1 4 _aSánchez Guerra, José,
_d1859-1935
_9102690
830 0 _aMedio siglo de historia.
_aLos presidentes del Consejo de la Monarquía, 1874-1931 ;
_v20
_9192289
830 0 _aLos presidentes del Consejo de la Monarquía Española, 1874-1931
_9192290
852 _aES-MaACL
_jE-4339
_z
852 _aES-MaACL
_jL-31588
_z- enc. cart.
_z. - Donat. herederos de la bibl. de Mª del Pilar Costa Palacín
999 _c185406
_d185406